Loading...
| History - World | 5 | 2 | 0 | 1 | 95 | 37 | 68.00 | 4 | 7 | 30.11 | 54.55 |
| History - European | 2 | 3 | 2 | 1 | 50 | 50 | 88.20 | 2 | 5 | 15.81 | 38.64 |
| Philosophy | 2 | 1 | 0 | 0 | 40 | 51 | 62.00 | 2 | 3 | 13.60 | 22.73 |
| Social Science | 1 | 3 | 2 | 1 | 35 | 49 | 80.75 | 2 | 3 | 7.71 | 14.71 |
| Beliefs | 1 | 2 | 2 | 1 | 25 | 41 | 91.33 | 1 | 3 | 5.77 | 12.50 |
| Literature - World | 1 | 1 | 1 | 0 | 20 | 31 | 85.50 | 1 | 1 | 7.21 | 11.36 |
| Fine Arts - Other Arts | 1 | 0 | 0 | 0 | 15 | 70 | 70.00 | 0 | 1 | 4.51 | 6.82 |
| History - Ancient | 0 | 2 | 1 | 0 | 15 | 102 | 120.00 | 1 | 2 | 3.40 | 20.83 |
| Science - Physics | 1 | 0 | 0 | 0 | 15 | 73 | 73.00 | 1 | 1 | 3.99 | 9.09 |
| Visual Arts | 0 | 1 | 0 | 0 | 10 | 85 | 85.00 | 0 | 1 | 3.65 | 6.82 |
| Science - Biology | 0 | 1 | 0 | 1 | 10 | 121 | 121.00 | 0 | 1 | 0.07 | 2.27 |
| History - Other | 0 | 1 | 0 | 0 | 10 | 74 | 74.00 | 0 | 1 | 8.53 | 15.00 |
| History - American | 1 | 1 | 4 | 0 | 5 | 52 | 62.50 | 0 | 2 | 9.45 | 11.36 |
| Current Events | 0 | 0 | 0 | 0 | 0 | 0.00 | 0 | 0 | 0.00 | 0.00 | |
| Science - Other | 0 | 0 | 1 | 0 | -5 | 0.00 | 0 | 0 | 0.00 | 0.00 | |
| Other Academic | 0 | 0 | 1 | 0 | -5 | 0.00 | 0 | 0 | 0.00 | 0.00 |